[Event "Principal 2024/25"]
[Site "Vitrolles"]
[Date "2024.09.09"]
[Round "1.1"]
[White "Madranges, Jean"]
[Black "Bedhouche, Rayan"]
[Result "0-1"]
[WhiteElo "1787"]
[BlackElo "2009"]
[PlyCount "80"]

1. Nc3 d5 2. e4 c6 3. Qf3 dxe4 4. Nxe4 Nf6 5. Bc4 Nbd7 6. d4 Nb6 7. Nxf6+ gxf6
8. Bb3 Qxd4 9. Ne2 Qg4 10. Qxg4 Bxg4 11. f3 Be6 12. Bxe6 fxe6 13. Nf4 Kf7 14.
O-O Bh6 15. Re1 Bxf4 16. Bxf4 e5 17. Bd2 Rad8 18. Ba5 Rd5 19. Bxb6 axb6 20. Kf2
Rhd8 21. c4 Rd2+ 22. Re2 Ke6 23. g4 R8d4 24. b3 Kd6 25. h4 Kc5 26. Rxd2 Rxd2+
27. Ke3 Rh2 28. h5 Kb4 29. f4 exf4+ 30. Kxf4 e5+ 31. Kf5 Rf2+ 32. Ke6 Kc3 33.
Kf7 e4 34. Kg7 e3 35. Kxh7 e2 36. Re1 Kd2 37. Rxe2+ Kxe2 38. Kg6 Kf3 39. h6
Kxg4 40. h7 Rh2 0-1

[Event "Principal 2024/25"]
[Site "Vitrolles"]
[Date "2024.09.09"]
[Round "1.2"]
[White "Roganova, Maxime"]
[Black "Boukhfif, Tarik"]
[Result "1-0"]
[WhiteElo "2005"]
[BlackElo "1780"]
[PlyCount "45"]

1. e4 c5 2. d4 cxd4 3. c3 Nf6 4. e5 Nd5 5. Nf3 d6 6. cxd4 dxe5 7. Nxe5 a6 8.
Bc4 e6 9. O-O Be7 10. Nc3 O-O 11. Re1 b5 12. Nxd5 exd5 13. Bd3 Bf6 14. Qf3 Be6
15. Bd2 Qb6 16. Bb4 Qxd4 17. Bxf8 Kxf8 18. Bf5 Qxb2 19. Bxe6 fxe6 20. Rac1 Ke7
21. Nd3 Qxa2 22. Nf4 Nd7 23. Nxd5+ 1-0

[Event "Principal 2024/25"]
[Site "Vitrolles"]
[Date "2024.09.09"]
[Round "1.3"]
[White "Colandrea, Sauveur"]
[Black "Ben Amar, Yanis"]
[Result "1-0"]
[WhiteElo "1774"]
[BlackElo "1980"]
[PlyCount "131"]

1. e4 b6 2. d4 Bb7 3. Bd3 e6 4. Nf3 c5 5. c3 Nf6 6. Qe2 Be7 7. O-O O-O 8. Bg5
d5 9. e5 Nfd7 10. Bf4 Nc6 11. Nbd2 Re8 12. Rfe1 Nf8 13. Nf1 Ng6 14. Bg3 Qc8 15.
Rac1 a5 16. h4 Ba6 17. h5 Bxd3 18. Qxd3 Nf8 19. Ne3 Qd8 20. Ng4 cxd4 21. cxd4
Nb4 22. Qb1 Nd7 23. a3 Na6 24. Qd3 Bg5 25. Rc2 {(=)} Qe7 26. Nfh2 Ra7 27. f4
Bh4 28. Rec1 Bxg3 29. Qxg3 b5 30. Ne3 Nb6 31. f5 Nc4 32. f6 Qf8 33. Neg4 Rd8
34. Rf1 g6 35. hxg6 fxg6 36. Qh3 h5 37. f7+ Kg7 38. Nf6 Rxf7 39. Rcf2 Kh8 40.
Nxh5 gxh5 41. Rxf7 Qh6 42. R7f6 Qe3+ 43. Qxe3 Nxe3 44. Rf8+ Rxf8 45. Rxf8+ Kg7
46. Ra8 Nb4 47. axb4 axb4 48. Rb8 Nc2 49. Nf3 Kg6 50. Rf8 Ne3 51. Rf6+ Kg7 52.
Rxe6 Nc4 53. b3 Na5 54. Nd2 Kf7 55. Ra6 Nb7 56. Ra7 Ke6 57. Rxb7 Kf5 58. Nf3
Ke4 59. e6 Kd3 60. Rc7 Ke4 61. e7 h4 62. e8=Q+ Kf4 63. Kf2 h3 64. Rf7+ Kg4 65.
Qg8+ Kh5 66. Rh7# 1-0

[Event "Principal 2024/25"]
[Site "Vitrolles"]
[Date "2024.09.09"]
[Round "1.4"]
[White "Gachbar, Imrane"]
[Black "Boudjellal, Yaqin"]
[Result "1-0"]
[WhiteElo "1964"]
[BlackElo "1761"]
[PlyCount "53"]

1. d4 d5 2. c4 dxc4 3. Nf3 Nf6 4. e3 e6 5. Bxc4 a6 6. a4 Be7 7. O-O c5 8. Qe2
Nc6 9. Rd1 Qc7 10. Nc3 Nb4 11. b3 b6 12. Bb2 Bb7 13. Rac1 Ng4 14. d5 exd5 15.
Nxd5 Bxd5 16. Bxd5 Nxd5 17. Rxd5 O-O 18. e4 Rfe8 19. Rcd1 Rad8 20. Qxa6 Qf4 21.
Rxd8 Bxd8 22. Qc8 Qxe4 23. Qxd8 Qe2 24. Qd2 Qxd2 25. Rxd2 g5 26. h3 Nh6 27.
Nxg5 1-0

[Event "Principal 2024/25"]
[Site "Vitrolles"]
[Date "2024.09.09"]
[Round "1.5"]
[White "Montanelli, Tristan"]
[Black "Madi, Mohammed"]
[Result "0-1"]
[WhiteElo "1750"]
[BlackElo "1922"]
[PlyCount "89"]

1. Nf3 Nf6 2. b3 g6 3. Bb2 Bg7 4. g3 d6 5. d4 O-O 6. Bg2 c6 7. O-O Bd7 8. Nbd2
Re8 9. c4 Qc8 10. e4 Bg4 11. Qc2 Na6 12. a3 Bh3 13. Rac1 Qd7 14. Rfe1 Rac8 15.
Qb1 Bxg2 16. Kxg2 e5 17. dxe5 dxe5 18. Rcd1 Nh5 19. Qa1 Qe6 20. b4 Nc7 21. Qc1
Qg4 22. Ng1 Nf4+ 23. Kh1 Nd3 24. h3 Qe6 25. Qa1 Nxf2+ 26. Kg2 Nxd1 27. Rxd1
Rcd8 28. Ngf3 Rd7 29. Rc1 Bh6 30. Rc2 Bxd2 31. Nxd2 Rd3 32. Nf3 f6 33. Qf1 Red8
34. Bc1 b5 35. Ne1 R3d7 36. Bh6 g5 37. h4 Rd2+ 38. Rxd2 Rxd2+ 39. Kh1 Ne8 40.
Nf3 Rc2 41. cxb5 cxb5 42. Nxg5 Qc6 43. Qf3 Rc1+ 44. Kh2 Qc2+ 45. Kh3 0-1

[Event "Principal 2024/25"]
[Site "Vitrolles"]
[Date "2024.09.09"]
[Round "1.6"]
[White "Hileyan, Michel"]
[Black "Piat, Jean-Pascal"]
[Result "1-0"]
[WhiteElo "1906"]
[BlackElo "1734"]
[PlyCount "55"]

1. d4 Nf6 2. Bf4 d6 3. e3 g6 4. h3 Bg7 5. Nf3 c6 6. Be2 O-O 7. O-O Nbd7 8. c3
b5 9. a4 b4 10. cxb4 Nd5 11. Bh2 Nxb4 12. Na3 Rb8 13. Rc1 c5 14. Qd2 e5 15.
dxe5 dxe5 16. Rfd1 Qe7 17. Ne1 Nb6 18. a5 N6d5 19. Bc4 Be6 20. e4 Nf4 21. Qd6
Qg5 22. Bxf4 Qxf4 23. Bxe6 fxe6 24. Nf3 Kh8 25. Rxc5 Rbd8 26. Qxd8 Rxd8 27.
Rxd8+ Bf8 28. Rcc8 1-0

[Event "Principal 2024/25"]
[Site "Vitrolles"]
[Date "2024.09.09"]
[Round "1.7"]
[White "Ghio, Maxime"]
[Black "Busson, Benoit"]
[Result "0-1"]
[WhiteElo "1728"]
[BlackElo "1877"]
[PlyCount "102"]

1. d4 Nf6 2. c4 g6 3. Nc3 Bg7 4. Nf3 d6 5. e4 O-O 6. Be2 e5 7. O-O Nc6 8. d5
Ne7 9. b4 a5 10. Ba3 axb4 11. Bxb4 b6 12. a4 Nd7 13. a5 f5 14. Ng5 Nc5 15. Bxc5
bxc5 16. Ne6 Bxe6 17. dxe6 c6 18. Qa4 Qc8 19. Rfb1 Qc7 20. Rb6 Qxb6 21. axb6
Rxa4 22. Nxa4 Rb8 23. Rb1 Bh6 24. g4 Bd2 25. gxf5 gxf5 26. Bh5 fxe4 27. Rb3 Kg7
28. Rg3+ Kf6 29. Bf7 Ba5 30. Rh3 Bxb6 31. Nc3 d5 32. Rxh7 Ba5 33. Ne2 Nf5 34.
Ng3 Nxg3 35. hxg3 d4 36. Rh6+ Kg7 37. Rg6+ Kh7 38. g4 d3 39. g5 d2 40. Rh6+ Kg7
41. Rg6+ Kf8 42. Rg8+ Ke7 43. Rxb8 d1=Q+ 44. Kh2 Bd8 45. Rb7+ Kf8 46. Bg6 Bxg5
47. Rf7+ {(=)} Kg8 48. Bxe4 Bf4+ 49. Kg2 Qg4+ 50. Kf1 Qxe6 51. Bxc6 Qxc4+ 0-1

[Event "Principal 2024/25"]
[Site "Vitrolles"]
[Date "2024.09.09"]
[Round "1.8"]
[White "Tiran, Baptiste"]
[Black "Garcia, Patrick"]
[Result "1/2-1/2"]
[WhiteElo "1872"]
[BlackElo "1711"]
[PlyCount "54"]

1. e4 c5 2. d4 cxd4 3. c3 Nf6 4. e5 Nd5 5. Nf3 e6 6. cxd4 Nc6 7. Nc3 Bb4 8. Bd2
Nce7 9. Bd3 d6 10. Ne4 dxe5 11. Nxe5 Bxd2+ 12. Qxd2 O-O 13. O-O Nf5 14. Bc2 Qb6
15. Nf3 Qxb2 16. g4 Qa3 17. Bb3 Nfe7 18. h4 a5 19. Kg2 Qb4 20. Qc2 Nf4+ 21. Kg3
Ned5 22. Neg5 f5 23. gxf5 Qd6 24. fxe6 Nxe6+ 25. Kg2 Nef4+ 26. Kh1 Bf5 27. Qc5
Qxc5 1/2-1/2

[Event "Principal 2024/25"]
[Site "Vitrolles"]
[Date "2024.09.09"]
[Round "1.9"]
[White "Touaoula, Rachid"]
[Black "Urcun, Gael"]
[Result "1/2-1/2"]
[WhiteElo "1710"]
[BlackElo "1867"]
[PlyCount "83"]

1. Nf3 Nf6 2. c4 g6 3. g3 Bg7 4. Bg2 O-O 5. O-O d6 6. d4 Nbd7 7. Nc3 e5 8. e3
Rb8 9. Qc2 a6 10. Rd1 exd4 11. Nxd4 Nc5 12. Nb3 Nxb3 13. axb3 Qe7 14. e4 Bd7
15. Bg5 Qe5 16. Bf4 Qe6 17. Re1 Nh5 18. Be3 Rfe8 19. Rad1 Bc6 20. Nd5 Qd7 21.
Bd2 Nf6 22. Bc3 Bxd5 23. exd5 b6 24. Qc1 a5 25. h3 Rxe1+ 26. Rxe1 Re8 27. Kf1
Rxe1+ 28. Qxe1 Qe8 29. Bf3 Qxe1+ 30. Kxe1 Nd7 31. Kd2 Nc5 32. Kc2 Bxc3 33. bxc3
Kg7 34. b4 axb4 35. cxb4 Nd7 36. Kc3 Kf6 37. Kd4 g5 38. Bg4 Ne5 39. Be2 Nd7 40.
Bg4 Ne5 41. Be2 Nd7 42. Bg4 1/2-1/2

[Event "Principal 2024/25"]
[Site "Vitrolles"]
[Date "2024.09.09"]
[Round "1.10"]
[White "Kosteniuk, Kristina"]
[Black "Dupre Hollebeque, Joachim"]
[Result "0-1"]
[WhiteElo "1858"]
[BlackElo "1702"]
[PlyCount "131"]

1. e4 e5 2. d4 exd4 3. Qxd4 Nc6 4. Qe3 Qe7 5. Nc3 Nf6 6. Bd2 d6 7. f3 d5 8.
exd5 Nb4 9. O-O-O Nfxd5 10. Nxd5 Nxd5 11. Qd4 Qc5 12. Qe4+ Be6 13. Nh3 Be7 14.
Bd3 O-O-O 15. Rhe1 Rhe8 16. Qa4 Nb6 17. Qe4 Bxa2 18. Be3 Qa5 19. Qf5+ Qxf5 20.
Bxf5+ Be6 21. Bxe6+ fxe6 22. Rxd8+ Bxd8 23. Bd4 Bf6 24. Bxb6 cxb6 25. Nf2 Bg5+
26. Kb1 Kc7 27. Ne4 Be7 28. c4 a6 29. Kc2 Rd8 30. b3 Bb4 31. Re2 h6 32. Ng3 Re8
33. Nh5 Re7 34. Nf4 Kd6 35. Nd3 Bc5 36. b4 Bd4 37. Re4 e5 38. f4 a5 39. fxe5+
Bxe5 40. bxa5 bxa5 41. c5+ Kd5 42. Ra4 Bc7 43. Kc3 Re4 44. Ra2 b6 45. cxb6 Bxb6
46. g3 g5 47. Nf2 Rc4+ 48. Kd3 Rb4 49. Nd1 Rb3+ 50. Nc3+ Kc5 51. Ra4 Rb4 52.
Ne4+ Kb5 53. Nc3+ Kc6 54. Ra1 Rd4+ 55. Kc2 Bd8 56. Re1 Bf6 57. Re6+ Rd6 58. Re8
Kd7 59. Re3 Rc6 60. Rd3+ Ke6 61. Re3+ Kf5 62. h3 Rxc3+ 63. Rxc3 Bxc3 64. Kxc3
Ke4 65. Kc4 Kf3 66. g4 0-1

[Event "Principal 2024/25"]
[Site "Vitrolles"]
[Date "2024.09.09"]
[Round "1.11"]
[White "Guisset, Andre"]
[Black "Nobili, Denis"]
[Result "0-1"]
[WhiteElo "1698"]
[BlackElo "1825"]
[Annotator "BERAUD,Robert"]
[PlyCount "98"]

1. Nf3 Nf6 2. c4 c5 3. Nc3 d6 4. g3 b6 5. Bg2 Bb7 6. O-O e6 7. d4 cxd4 8. Nxd4
Bxg2 9. Kxg2 Be7 10. Qa4+ Qd7 11. Qxd7+ Kxd7 12. Rd1 Rc8 13. b3 Ke8 14. e4 a6
15. Bb2 Nbd7 16. Nf3 Rab8 17. Rac1 b5 18. cxb5 axb5 19. e5 dxe5 20. Ne2 Rxc1
21. Rxc1 Bd6 22. Nc3 b4 23. Na4 Ne4 24. h4 f6 25. Rc2 Kd8 26. Nd2 Nxd2 27. Rxd2
Ke7 28. Rc2 Nb6 29. Nxb6 Rxb6 30. Bc1 Kd7 31. Bd2 Rc6 32. Rxc6 Kxc6 33. Kf3 Kd5
34. Ke2 e4 35. g4 f5 36. gxf5 exf5 37. h5 f4 38. f3 Ke5 39. Bc1 Kf5 40. Bb2 g5
41. hxg6 hxg6 42. Bd4 g5 43. Bb6 exf3+ 44. Kxf3 g4+ 45. Kf2 Ke4 46. Ba7 f3 47.
Bb6 g3+ 48. Kf1 Kd3 49. Bd8 Bc5 0-1

[Event "Principal 2024/25"]
[Site "Vitrolles"]
[Date "2024.09.09"]
[Round "1.12"]
[White "Tramarin, Matteo"]
[Black "Khoundh, Zein"]
[Result "1-0"]
[WhiteElo "1803"]
[BlackElo "1677"]
[Annotator "BERAUD,Robert"]
[PlyCount "47"]

1. c4 e6 2. Nc3 Nf6 3. d4 Bb4 4. Bg5 c5 5. a3 cxd4 6. axb4 dxc3 7. bxc3 a6 8.
Bf4 d5 9. e3 O-O 10. Nf3 Nbd7 11. Qb3 b6 (11... g6 12. cxd5 Nxd5 13. Bd6 Re8
14. c4 N7f6 15. Bg3 Ne7 16. Rd1 Nd7 17. Ne5 Nf5 18. Qa4 Re7 19. Nc6 Qe8) 12.
cxd5 Nxd5 13. Bd6 Re8 14. c4 N7f6 15. Bg3 Ne7 16. Rd1 Nd7 17. Ne5 Nf5 18. Qa4
Re7 19. Nc6 Qe8 20. Nxe7+ Qxe7 21. Be2 Nxg3 22. hxg3 Nf6 23. Bf3 Bd7 24. Rxd7
1-0

[Event "Principal 2024/25"]
[Site "Vitrolles"]
[Date "2024.10.05"]
[Round "2.1"]
[White "Bedhouche, Rayan"]
[Black "Tramarin, Matteo"]
[Result "1/2-1/2"]
[WhiteElo "2009"]
[BlackElo "1803"]
[PlyCount "134"]

1. e4 c5 2. Nf3 Nc6 3. Bb5 g6 4. O-O Bg7 5. Re1 d6 6. c3 Bd7 7. h3 Ne5 8. Nxe5
Bxb5 9. Nxf7 Qb6 10. Nxh8 Nf6 11. Nxg6 hxg6 12. d3 O-O-O 13. c4 Bd7 14. Nc3 Rh8
15. Rb1 Qd8 16. e5 Nh5 17. e6 Bc6 18. Ne4 Nf6 19. Nxf6 Bxf6 20. b4 cxb4 21. d4
Qa5 22. d5 Ba4 23. Qd3 Bc3 24. Bb2 Rh4 25. Bxc3 bxc3 26. Qf3 c2 27. Qf8+ Qd8
28. Qxd8+ Kxd8 29. Rbc1 Rxc4 30. f3 Rd4 31. Kf2 Rxd5 32. Ke3 b5 33. h4 Kc7 34.
g4 Kc6 35. f4 Kc5 36. Re2 Rd1 37. Re1 Kd5 38. f5 gxf5 39. h5 Kxe6 40. h6 Kf7
41. g5 Kg6 42. Rh1 e5 43. h7 Rxh1 44. Rxh1 c1=Q+ 45. Rxc1 Kxh7 46. Rc6 Kg6 47.
Rxd6+ Kxg5 48. Rd5 Kf6 49. Rd6+ Kg5 50. Re6 e4 51. Rc6 b4 52. Rc7 a5 53. Rg7+
Kf6 54. Ra7 b3 55. Rxa5 b2 56. Ra6+ Ke5 57. Rb6 f4+ 58. Ke2 Bc2 59. Rxb2 Bd3+
60. Kd2 Kd4 61. Rb4+ Bc4 62. a4 e3+ 63. Ke1 f3 64. Rb2 Kc3 65. Rh2 Kb4 66. a5
Kxa5 67. Re2 fxe2 1/2-1/2

[Event "Principal 2024/25"]
[Site "Vitrolles"]
[Date "2024.10.05"]
[Round "2.2"]
[White "Busson, Benoit"]
[Black "Roganova, Maxime"]
[Result "1-0"]
[WhiteElo "1877"]
[BlackElo "2005"]
[PlyCount "91"]

1. e4 e5 2. Nc3 Nf6 3. a3 Nc6 4. Nf3 d5 5. Bb5 d4 6. Ne2 Nxe4 7. d3 Nc5 8. Nxe5
Qf6 9. Nf3 Ne6 10. O-O Bd7 11. Ng3 h6 12. Re1 O-O-O 13. Bd2 Ng5 14. Bxc6 Bxc6
15. Ne5 Bd5 16. Nh5 Qb6 17. Nf4 Qd6 18. Nxd5 Qxd5 19. h4 Nh7 20. Qg4+ Kb8 21.
c4 dxc3 22. bxc3 Bc5 23. d4 Bb6 24. Be3 Nf6 25. Qf4 Rhe8 26. Red1 Qe6 27. c4 g5
28. Qf3 c5 29. dxc5 Bc7 30. Rxd8+ Bxd8 31. Rb1 Qa6 32. Nc6+ Ka8 33. Nxd8 Rxd8
34. hxg5 Nd7 35. gxh6 Ne5 36. Qe4 Nxc4 37. Qe7 Rb8 38. Bf4 Rc8 39. Qd7 Rh8 40.
Qxf7 Nxa3 41. h7 Qc6 42. Qg7 Re8 43. h8=Q Nxb1 44. Qe5 Rc8 45. Qb8+ Rxb8 46.
Qxb8# 1-0

[Event "Principal 2024/25"]
[Site "Vitrolles"]
[Date "2024.10.05"]
[Round "2.3"]
[White "Nobili, Denis"]
[Black "Gachbar, Imrane"]
[Result "1-0"]
[WhiteElo "1825"]
[BlackElo "1964"]
[PlyCount "69"]

1. Nf3 d5 2. c4 e6 3. b3 Nf6 4. Bb2 c5 5. g3 d4 6. Bg2 Nc6 7. O-O Bd6 8. e3 e5
9. exd4 cxd4 10. d3 O-O 11. Re1 Re8 12. a3 a5 13. Nbd2 h6 14. Qc2 Bf5 15. h3
Bh7 16. Re2 Nd7 17. Ne4 Bc7 18. c5 Qe7 19. Qc4 Bxe4 20. Rxe4 Nxc5 21. Re2 Ne6
22. Rae1 Rac8 23. Qb5 Bd6 24. Nd2 Bxa3 25. Bxa3 Qxa3 26. Qxb7 Nc5 27. Qb5 Nb4
28. Rxe5 Rxe5 29. Rxe5 Qc1+ 30. Nf1 Nbxd3 31. Re8+ Rxe8 32. Qxe8+ Kh7 33. Be4+
Nxe4 34. Qxe4+ g6 35. Qxd3 1-0

[Event "Principal 2024/25"]
[Site "Vitrolles"]
[Date "2024.10.05"]
[Round "2.4"]
[White "Madi, Mohammed"]
[Black "Colandrea, Sauveur"]
[Result "1-0"]
[WhiteElo "1922"]
[BlackElo "1774"]
[PlyCount "63"]

1. e4 c5 2. Nf3 e6 3. d4 cxd4 4. Nxd4 a6 5. Be3 Nf6 6. Nc3 Qc7 7. Qd3 Bb4 8.
Rd1 d5 9. f3 Nbd7 10. Nb3 b5 11. Qd4 Bxc3+ 12. bxc3 O-O 13. Bd3 dxe4 14. fxe4
Rd8 15. e5 Nd5 16. Bg5 Re8 17. O-O Qxe5 18. Qh4 N7f6 19. Rde1 Qxc3 20. Rf3 Qc7
21. Rh3 h5 22. Rg3 Kf8 23. Rf1 Qe5 24. Kh1 Ra7 25. Nd4 Rc7 26. Ne2 Rd7 27. Nf4
Nxf4 28. Bxf4 Qb2 29. Qg5 Rd5 30. Qxg7+ Ke7 31. Bg5 Rf8 32. Bh6 1-0

[Event "Principal 2024/25"]
[Site "Vitrolles"]
[Date "2024.10.05"]
[Round "2.5"]
[White "Dupre Hollebeque, Joachim"]
[Black "Hileyan, Michel"]
[Result "1/2-1/2"]
[WhiteElo "1702"]
[BlackElo "1906"]
[PlyCount "110"]

1. e4 d5 2. exd5 Nf6 3. d4 Bg4 4. Bb5+ Nbd7 5. f3 Bf5 6. c4 a6 7. Ba4 b5 8.
cxb5 Nxd5 9. Bc2 Bxc2 10. Qxc2 axb5 11. Qb3 e6 12. Qxb5 Qh4+ 13. g3 Qxd4 14.
Ne2 Qb4+ 15. Nbc3 Qxb5 16. Nxb5 Bb4+ 17. Kf2 Bc5+ 18. Kg2 Bb6 19. Nf4 Nb4 20.
Bd2 Na6 21. Bc3 O-O 22. Rhe1 Ndc5 23. b3 Rad8 24. Rad1 {(=)} Rfe8 25. Na3 c6
26. Nc4 Bc7 27. Na5 Nb8 28. Bb4 Nca6 29. Bc3 Bxf4 30. gxf4 Nc7 31. Be5 Nd5 32.
Kg3 Ne7 33. Rc1 Rd2 34. Bxb8 Rxb8 35. a4 Nf5+ 36. Kh3 Nd4 37. Nxc6 Nxc6 38.
Rxc6 Kf8 39. Rc3 Rb2 40. Ree3 Ke7 41. f5 Kf6 42. fxe6 fxe6 43. Kg3 g5 44. Rc6
R2xb3 45. Rcxe6+ Kf7 46. Rxb3 Rxb3 47. Re5 Kf6 48. Rb5 Ra3 49. a5 h5 50. h3 Ra4
51. Kf2 h4 52. Rd5 Ra3 53. Ke2 Kg6 54. Kf2 Kf6 55. Rb5 Kg6 1/2-1/2

[Event "Principal 2024/25"]
[Site "Vitrolles"]
[Date "2024.10.05"]
[Round "2.6"]
[White "Espanet, Fabien"]
[Black "Rival, None"]
[Result "1/2-1/2"]
[WhiteElo "1873"]
[BlackElo "1765"]
[PlyCount "48"]

1. e4 c5 2. Nf3 Nc6 3. d4 cxd4 4. Nxd4 Nf6 5. Nc3 e5 6. Ndb5 d6 7. Nd5 Nxd5 8.
exd5 Nb8 9. a4 Be7 10. Be2 O-O 11. Bd2 a6 12. Na3 a5 13. O-O Nd7 14. Nc4 f5 15.
Ra3 Nc5 16. Be3 b6 17. f4 exf4 18. Bxf4 g5 19. Rg3 Ne4 20. Bd3 Nxg3 21. Bxg3 f4
22. Bf2 Rb8 23. Bxh7+ Kxh7 24. Qh5+ Kg8 1/2-1/2

[Event "Principal 2024/25"]
[Site "Vitrolles"]
[Date "2024.10.05"]
[Round "2.7"]
[White "Urcun, Gael"]
[Black "Anton, Jose"]
[Result "0-1"]
[WhiteElo "1867"]
[BlackElo "1781"]
[PlyCount "93"]

1. e4 c5 2. Nc3 a6 3. g3 b5 4. Bg2 Bb7 5. d3 e6 6. Nf3 Nf6 7. O-O b4 8. Ne2 d5
9. e5 Nfd7 10. Nf4 Be7 11. h4 Nc6 12. Re1 Qc7 13. Qe2 a5 14. Bd2 h6 15. h5 O-O
16. Bh3 Nd8 17. Kh2 Ba6 18. Rg1 c4 19. g4 Bg5 20. Qe3 cxd3 21. cxd3 Qc2 22. d4
Nb6 23. b3 Qe4 24. Bg2 Bxf4+ 25. Qxf4 Qxf4+ 26. Bxf4 Rc8 27. Rac1 Nc6 28. g5
Kh7 29. Bh3 Be2 30. gxh6 gxh6 31. Rg3 Bxf3 32. Rxc6 Rxc6 33. Rxf3 Rg8 34. Be3
Rg7 35. Rf6 Nd7 36. Rxh6+ Kg8 37. f4 Rc3 38. f5 Nf8 39. Bf4 Rc2+ 40. Kh1 Rf2
41. f6 Rh7 42. Bc1 Rxa2 43. Bf4 Rf2 44. Bc1 Rf3 45. Kg2 Rxb3 46. Bg4 Rc3 47.
Bf4 0-1

[Event "Principal 2024/25"]
[Site "Vitrolles"]
[Date "2024.10.05"]
[Round "2.8"]
[White "Garcia, Patrick"]
[Black "Touaoula, Rachid"]
[Result "0-1"]
[WhiteElo "1711"]
[BlackElo "1710"]
[PlyCount "124"]

1. e4 c5 2. Nc3 Nc6 3. g3 Nf6 4. Bg2 g6 5. f4 d6 6. h3 Bg7 7. Nf3 O-O 8. d3 a6
9. O-O Rb8 10. Qe1 Nd7 11. g4 Qb6 12. Nd5 Qd8 13. c3 e6 14. Ne3 b5 15. Nd1 b4
16. Be3 a5 17. Qd2 Ba6 18. c4 a4 19. f5 exf5 20. exf5 Re8 21. Bh6 Bh8 22. fxg6
hxg6 23. Bg5 Qc7 24. Ne3 f6 25. Nd5 Qc8 26. Bf4 Nce5 27. Bxe5 dxe5 28. Qh6 Nf8
29. Nh4 Re6 30. Nxg6 Bg7 31. Nde7+ Kf7 32. Qh5 Rxe7 33. Nxe7+ Kxe7 34. Bd5 Ne6
35. Qg6 Qf8 36. Qf5 Bc8 37. Qe4 Ng5 38. Qg2 Qh8 39. Kh2 Be6 40. Bxe6 Nxe6 41.
Qc6 Rd8 42. Rad1 Rd4 43. Qb7+ Kf8 44. Qc8+ Kf7 45. Qxh8 Bxh8 46. Kg3 Kg6 47. h4
Nf4 48. Rf3 Bg7 49. Re3 Ne6 50. Re4 Rxe4 51. dxe4 Nd4 52. Rh1 Bh6 53. Kg2 Nc2
54. Rd1 Be3 55. Kf3 Bd4 56. b3 a3 57. Rd2 Na1 58. Rd3 Nc2 59. Ke2 Bb2 60. Rd2
Nd4+ 61. Kd1 Nxb3 62. axb3 a2 0-1

[Event "Principal 2024/25"]
[Site "Vitrolles"]
[Date "2024.10.05"]
[Round "2.9"]
[White "Ben Amar, Yanis"]
[Black "Montanelli, Tristan"]
[Result "0-1"]
[WhiteElo "1980"]
[BlackElo "1750"]
[PlyCount "176"]

1. e4 e5 2. Nf3 Nf6 3. Nxe5 d6 4. Nf3 Nxe4 5. Nc3 Nxc3 6. dxc3 Be7 7. Bd3 Bg4
8. O-O Nd7 9. Be2 O-O 10. Be3 Re8 11. Qd2 c6 12. Nd4 Bxe2 13. Qxe2 d5 14. Nf5
Bf8 15. Qg4 Ne5 16. Qg3 Qf6 17. Qf4 Nc4 18. Bd4 Qg6 19. Rae1 Re6 20. b3 Nd6 21.
Nxd6 Bxd6 22. Rxe6 Qxe6 23. Qd2 f6 24. Re1 Qf7 25. Qe3 b6 26. b4 Kf8 27. Qh3
Re8 28. Rxe8+ Qxe8 29. Be3 Kg8 30. Qf5 Be5 31. Qd3 Qd7 32. g3 f5 33. f4 Bf6 34.
a4 b5 35. axb5 cxb5 36. Kf2 a6 37. Bd4 Bd8 38. Qe3 Qe7 39. Be5 Qe6 40. Ke2 Bb6
41. Qd3 g6 42. Kd2 Kf7 43. Qf3 h5 44. Qf1 {(=)} Qc8 45. Bd4 Bd8 46. Qf2 Qe6 47.
Kc1 a5 48. bxa5 Bxa5 49. Qf1 Qc6 50. Qe2 b4 51. cxb4 Bxb4 52. Qe5 Qe6 53. Qg7+
Ke8 54. Be5 Ba3+ 55. Kd2 Qf7 56. Qh6 Bc5 57. Kd3 Qe6 58. Qh8+ Kd7 59. Qa8 Qc6
60. Qxc6+ Kxc6 61. Bd4 Be7 62. c3 Kb5 63. Ba7 Bf6 64. Bb8 h4 65. Be5 hxg3 66.
hxg3 Be7 67. Bd4 Bc5 68. Ke3 Ba3 69. Kd3 Bc5 70. Ke3 Be7 71. Kd3 g5 72. Ke3 Kc4
73. Kf3 Kd3 74. Be5 g4+ 75. Kf2 Ba3 76. Kg2 Kc4 77. Kf2 Bb2 78. Ke2 Bxc3 79.
Bd6 d4 80. Bc7 d3+ 81. Kd1 Bd4 82. Kc1 Kc3 83. Kd1 Bf2 84. Be5+ Kc4 85. Kd2
Bxg3 86. Ke3 Bh2 87. Bb2 Bxf4+ 88. Kxf4 d2 0-1

[Event "Principal 2024/25"]
[Site "Vitrolles"]
[Date "2024.10.05"]
[Round "2.10"]
[White "Piat, Jean-Pascal"]
[Black "Kosteniuk, Kristina"]
[Result "1/2-1/2"]
[WhiteElo "1734"]
[BlackElo "1858"]
[PlyCount "115"]

1. d4 Nf6 2. Nc3 d5 3. Bf4 c6 4. e3 Bf5 5. f3 e6 6. g4 Bg6 7. h4 h6 8. Bd3 Bxd3
9. Qxd3 Qb6 10. Nge2 Nbd7 11. O-O-O Rc8 12. g5 Nh5 13. g6 f6 14. e4 Bb4 15. Qe3
Bxc3 16. bxc3 Nxf4 17. Nxf4 O-O 18. exd5 e5 19. dxc6 Qxc6 20. d5 Qxc3 21. Qxc3
Rxc3 22. Rd3 Rfc8 23. Rxc3 Rxc3 24. Nd3 Kf8 25. Kb2 Rc4 26. Kb3 Rd4 27. Kc3
Rxd5 28. Rb1 b6 29. Rb4 Ra5 30. Rc4 Nc5 31. Nxc5 bxc5 32. a4 Ke7 33. Kd3 Kd6
34. f4 Kd5 35. Re4 Ra6 36. fxe5 fxe5 37. h5 Rf6 38. c4+ Kd6 39. Re2 Rf5 40. Rb2
Kc6 41. Rb8 Rxh5 42. Rg8 Rg5 43. Rxg7 Kb6 44. Ke4 a6 45. Rg8 Ka5 46. g7 h5 47.
Rc8 Rxg7 48. Rxc5+ Kxa4 49. Rxe5 Rc7 50. Kd4 Kb4 51. c5 h4 52. Rh5 h3 53. Rxh3
Rxc5 54. Rh1 Rc4+ 55. Kd3 Rc3+ 56. Kd2 a5 57. Ra1 a4 58. Rxa4+ 1/2-1/2

[Event "Principal 2024/25"]
[Site "Vitrolles"]
[Date "2024.10.05"]
[Round "2.11"]
[White "Khoundh, Zein"]
[Black "Madranges, Jean"]
[Result "0-1"]
[WhiteElo "1677"]
[BlackElo "1787"]
[PlyCount "64"]

1. e4 c5 2. Nc3 e6 3. f4 d5 4. Bb5+ Nc6 5. Bxc6+ bxc6 6. e5 Be7 7. Nf3 Nh6 8.
d3 Nf5 9. O-O h5 10. Ne2 Qb6 11. a4 a5 12. c3 Ba6 13. Kh1 Rb8 14. Rg1 c4 15. d4
c5 16. g4 hxg4 17. Rxg4 g6 18. Ng3 cxd4 19. Nxd4 Nxd4 20. cxd4 Qb3 21. Qe1 Qf3+
22. Kg1 Qxg4 23. Qxa5 Qd1+ 24. Nf1 Ra8 25. Qc7 Kf8 26. Qc6 Kg7 27. f5 Qxd4+ 28.
Ne3 gxf5 29. Ra3 f4 30. Qd7 Bg5 31. Bd2 fxe3 32. Bc3 Qd1+ 0-1

[Event "Principal 2024/25"]
[Site "Vitrolles"]
[Date "2024.10.05"]
[Round "2.12"]
[White "Boukhfif, Tarik"]
[Black "Ghio, Maxime"]
[Result "0-1"]
[WhiteElo "1780"]
[BlackElo "1728"]
[PlyCount "92"]

1. Nf3 Nf6 2. g3 d5 3. Bg2 g6 4. b3 Bg7 5. Bb2 O-O 6. O-O c5 7. c4 dxc4 8. bxc4
Nc6 9. d3 Qc7 10. Nc3 Rd8 11. Qc2 a6 12. Na4 b6 13. Rab1 Rb8 14. Ba1 Nb4 15.
Qb3 Nd7 16. Bxg7 Kxg7 17. Nc3 Bb7 18. a3 Bxf3 19. Bxf3 Nc6 20. Nd5 Qd6 21. e3
Nce5 22. Be2 Nf6 23. d4 Ned7 24. Rfd1 Nxd5 25. cxd5 cxd4 26. Rxd4 Nc5 27. Qb2
Kg8 28. h4 h5 29. Kf1 Qf6 30. Qd2 e6 31. e4 e5 32. Rc4 Ne6 33. Rc6 Qe7 34.
Rcxb6 Rxb6 35. Rxb6 Qxa3 36. Rxa6 Qb3 37. f3 Nd4 38. Kg2 Rc8 39. Bd3 Rc3 40.
Qh6 Qb8 41. Bb1 Rxf3 42. Bc2 Qc8 43. Ra2 Rxg3+ 44. Kxg3 Qg4+ 45. Kf2 Qf3+ 46.
Kg1 Ne2+ 0-1

[Event "Principal 2024/25"]
[Site "Vitrolles"]
[Date "2024.10.05"]
[Round "2.13"]
[White "Boudjellal, Yaqin"]
[Black "Guisset, Andre"]
[Result "0-1"]
[WhiteElo "1761"]
[BlackElo "1698"]
[PlyCount "110"]

1. e4 c6 2. d4 d5 3. f3 e6 4. e5 c5 5. c3 Nc6 6. Nh3 Qb6 7. Na3 cxd4 8. cxd4
Bxa3 9. bxa3 Qxd4 10. Qxd4 Nxd4 11. Kd2 Nc6 12. Bb2 Nge7 13. g4 Bd7 14. f4 Rc8
15. Rc1 O-O 16. Bd3 Na5 17. Ng5 h6 18. Nh7 Rxc1 19. Rxc1 Rc8 20. Rg1 Nc4+ 21.
Kc1 Nxe5+ 22. Bc2 Nd3+ 23. Kb1 Nxb2 24. Kxb2 Rxc2+ 25. Kxc2 Kxh7 26. Rb1 Bc6
27. Kd3 Kg6 28. h4 h5 29. Rg1 hxg4 30. Rxg4+ Kh6 31. Kd4 Ng6 32. Kc5 Kh5 33.
Rg1 Kxh4 34. Kd6 d4 35. Kc7 d3 36. a4 Nxf4 37. a5 a6 38. Kb6 g5 39. Kc5 Bf3 40.
Kc4 d2 41. Kd4 d1=Q+ 42. Rxd1 Bxd1 43. a4 g4 44. Ke3 Nd5+ 45. Kf2 Kh3 46. Kg1
Bxa4 47. Kh1 Bc6 48. Kg1 Nb4 49. Kf1 Kh2 50. Ke2 g3 51. Kd2 g2 52. Ke2 g1=Q 53.
Kd2 Qg3 54. Ke2 Bb5+ 55. Kd2 Qd3+ 0-1